[Event "Ljubljana-chT 75th"]
[Site "Ljubljana"]
[Date "2023.01.19"]
[Round "2.3"]
[White "Rozic, Adrijan"]
[Black "Babic, Miroslav"]
[Result "1-0"]
[WhiteElo "2067"]
[BlackElo "1655"]
[PlyCount "99"]
[EventDate "2023.01.12"]
[EventType "team-swiss"]
[EventRounds "9"]
[EventCountry "SLO"]
[SourceTitle "EXT 2024"]
[Source "ChessBase"]
[SourceDate "2023.10.10"]
[SourceVersion "1"]
[SourceVersionDate "2023.10.10"]
[SourceQuality "1"]
[WhiteTeam "Ig"]
[BlackTeam "Ljubljana SK"]
[WhiteTeamCountry "SLO"]
[BlackTeamCountry "SLO"]

1. e4 e6 2. d4 d5 3. Nd2 Nd7 4. Ngf3 dxe4 5. Nxe4 Ngf6 6. Bd3 Nxe4 7. Bxe4 Nf6 8. Bd3 Be7 9. 0-0 0-0 10. c3 b6 11. Re1 Bb7 12. Bc2 a5 13. Bg5 Ba6 14. Ne5 Nd5 15. Nc6 Qd6 16. Qh5 g6 17. Nxe7+ Nxe7 18. Qh4 Nd5 19. Be4 f6 20. Bh6 Rf7 21. Bd2 Rd8 22. Rad1 f5 23. Bf3 a4 24. Rxe6 Qd7 25. Rde1 Bc4 26. a3 b5 27. R6e5 Qd6 28. Bg5 Nf6 29. d5 Rdf8 30. Re6 Qd8 31. Qd4 Kg7 32. h4 h6 33. Bf4 Kh7 34. Rd1 Rd7 35. Re5 Ng4 36. Bxg4 fxg4 37. h5 Qf6 38. hxg6+ Qxg6 39. Qe3 Rf5 40. Re6 Rf6 41. Re5 Rdf7 42. g3 Rd7 43. Re7+ Rxe7 44. Qxe7+ Rf7 45. Qe8 Qf6 46. d6 Rf8 47. Qe4+ Kg8 48. dxc7 Be6 49. Rd6 Bf5 50. Rxf6 1-0

[Event "Ljubljana-chT 74th"]
[Site "Ljubljana"]
[Date "2022.01.13"]
[Round "1.3"]
[White "Kampus, Andrej"]
[Black "Babic, Miroslav"]
[Result "1/2-1/2"]
[WhiteElo "2013"]
[BlackElo "1671"]
[PlyCount "119"]
[EventDate "2022.01.13"]
[EventType "team-swiss"]
[EventRounds "9"]
[EventCountry "SLO"]
[SourceTitle "EXT 2024"]
[Source "ChessBase"]
[SourceDate "2023.10.10"]
[SourceVersion "1"]
[SourceVersionDate "2023.10.10"]
[SourceQuality "1"]
[WhiteTeam "Dol"]
[BlackTeam "Ljubljana SK"]
[WhiteTeamCountry "SLO"]
[BlackTeamCountry "SLO"]

1. e4 e6 2. d4 d5 3. e5 Nd7 4. Nf3 h6 5. Bd3 c5 6. dxc5 Nxc5 7. Be2 Ne7 8. 0-0 Qc7 9. Re1 Bd7 10. b3 Ng6 11. Bb2 Rc8 12. Nbd2 Ne4 13. c4 Nxd2 14. Nxd2 Bc6 15. cxd5 Bxd5 16. Bb5+ Bc6 17. Bxc6+ bxc6 18. Nc4 Rd8 19. Qg4 Bc5 20. Nd6+ Kf8 21. Ne4 Bd4 22. Bxd4 Rxd4 23. f4 Kg8 24. g3 Qb6 25. Kh1 Qb4 26. Nd6 Nxe5 27. Rxe5 Qxd6 28. Rae1 g6 29. Qf3 Kg7 30. Qc3 Kh7 31. Rc5 Rd8 32. Kg2 Rd2+ 33. Kh3 Rxa2 34. Rxc6 Qd2 35. Qxd2 Rdxd2 36. Kg4 f5+ 37. Kf3 Rd3+ 38. Re3 Rxe3+ 39. Kxe3 Rxh2 40. Rc7+ Kg8 41. Rxa7 Rc2 42. b4 Rc3+ 43. Kf2 Rb3 44. Rb7 g5 45. fxg5 hxg5 46. b5 e5 47. b6 g4 48. Re7 Rxb6 49. Rxe5 Rf6 50. Ke3 Kf7 51. Kf4 Kg6 52. Ra5 Rb6 53. Ra4 Kf6 54. Rc4 Ke6 55. Ra4 Rd6 56. Rb4 Ra6 57. Kg5 Ra3 58. Rb6+ Kd5 59. Kxf5 Rxg3 60. Rg6 1/2-1/2

[Event "SLO-chT2 West"]
[Site "Komenda"]
[Date "2019.11.16"]
[Round "3.5"]
[White "Markun, Ozbej"]
[Black "Babic, Miroslav"]
[Result "1-0"]
[WhiteElo "1476"]
[BlackElo "1695"]
[PlyCount "127"]
[EventDate "2019.11.15"]
[EventType "team-tourn"]
[EventRounds "9"]
[EventCountry "SLO"]
[SourceTitle "EXT 2024"]
[Source "ChessBase"]
[SourceDate "2023.10.10"]
[SourceVersion "1"]
[SourceVersionDate "2023.10.10"]
[SourceQuality "1"]
[WhiteTeam "Prevodi Dvojka"]
[BlackTeam "Ljubljana SK"]
[WhiteTeamCountry "SLO"]
[BlackTeamCountry "SLO"]

1. e4 e6 2. d4 d5 3. Nc3 dxe4 4. Nxe4 Nf6 5. Nxf6+ Qxf6 6. Nf3 Qd8 7. Bd3 h6 8. 0-0 Nd7 9. Be3 c6 10. Qd2 Bd6 11. Rae1 Nf6 12. Bf4 Bxf4 13. Qxf4 Nd5 14. Qd2 Qc7 15. c4 Nf6 16. d5 cxd5 17. cxd5 0-0 18. d6 Qd8 19. Ne5 Bd7 20. Rc1 Nd5 21. Nc4 Bc6 22. Bc2 Bb5 23. Qd3 f5 24. Bb3 Bxc4 25. Rxc4 Qxd6 26. Rd4 Rad8 27. Rd1 Qe5 28. Bxd5 exd5 29. Rxd5 Rxd5 30. Qxd5+ Qxd5 31. Rxd5 Rc8 32. g3 Rc2 33. Rxf5 Rxb2 34. Ra5 a6 35. Kg2 g6 36. Rc5 Kf7 37. Rc7+ Kf6 38. Rh7 b5 39. a4 bxa4 40. Rc7 Ke5 41. Rc6 a3 42. Rxa6 Kd4 43. Rxa3 Ke5 44. Ra6 Kf5 45. h3 h5 46. Ra5+ Kf6 47. Ra8 Rc2 48. g4 h4 49. Ra6+ Kg5 50. Ra5+ Kh6 51. Ra8 Rb2 52. Rh8+ Kg5 53. Rf8 Ra2 54. Rf3 Rb2 55. Rd3 Ra2 56. Kf3 Rb2 57. Ke3 Kh6 58. f4 Rh2 59. Kd4 Rf2 60. Ke5 Re2+ 61. Kf6 Rh2 62. Rd8 Kh7 63. Rd7+ Kh6 64. g5+ 1-0

[Event "Ljubljana-chT 72nd 1st League"]
[Site "Ljubljana"]
[Date "2019.04.11"]
[Round "9.4"]
[White "Babic, Miroslav"]
[Black "Siraj, Svit"]
[Result "1-0"]
[WhiteElo "1689"]
[BlackElo "1673"]
[PlyCount "55"]
[EventDate "2019.01.10"]
[EventType "team-tourn"]
[EventRounds "9"]
[EventCountry "SLO"]
[SourceTitle "EXT 2024"]
[Source "ChessBase"]
[SourceDate "2023.10.10"]
[SourceVersion "1"]
[SourceVersionDate "2023.10.10"]
[SourceQuality "1"]
[WhiteTeam "Ljubljana SK"]
[BlackTeam "Vrhnika"]
[WhiteTeamCountry "SLO"]
[BlackTeamCountry "SLO"]

1. e4 c5 2. Nf3 d6 3. Bc4 Nf6 4. Nc3 g6 5. 0-0 Bg7 6. h3 0-0 7. a3 Nc6 8. d3 a6 9. Bd2 b5 10. Ba2 Qb6 11. Rb1 a5 12. Nd5 Nxd5 13. exd5 Ne5 14. Nxe5 Bxe5 15. Bh6 Re8 16. c4 b4 17. Bb3 Bd7 18. a4 e6 19. Qg4 Qb7 20. Qf3 exd5 21. Rfe1 Rab8 22. Rxe5 f5 23. Rxe8+ Rxe8 24. Kf1 Bc6 25. cxd5 Bd7 26. Bf4 Qc7 27. Qg3 Bc8 28. Bxd6 1-0

[Event "Ljubljana-chT 72nd 1st League"]
[Site "Ljubljana"]
[Date "2019.02.14"]
[Round "5.1"]
[White "Babic, Miroslav"]
[Black "Marn, Jan"]
[Result "0-1"]
[WhiteElo "1689"]
[BlackElo "2200"]
[PlyCount "99"]
[EventDate "2019.01.10"]
[EventType "team-tourn"]
[EventRounds "9"]
[EventCountry "SLO"]
[SourceTitle "EXT 2024"]
[Source "ChessBase"]
[SourceDate "2023.10.10"]
[SourceVersion "1"]
[SourceVersionDate "2023.10.10"]
[SourceQuality "1"]
[WhiteTeam "Ljubljana SK"]
[BlackTeam "Menges Trzin II"]
[WhiteTeamCountry "SLO"]
[BlackTeamCountry "SLO"]

1. e4 d6 2. d4 Nf6 3. Nc3 g6 4. Nf3 Bg7 5. h3 c6 6. Be2 b5 7. Bd3 0-0 8. 0-0 Bb7 9. Ne2 a6 10. c3 c5 11. d5 Nbd7 12. Rb1 c4 13. Bc2 Nc5 14. Ng3 Nfd7 15. Be3 Qc7 16. Bd4 e5 17. dxe6 fxe6 18. Bxg7 Kxg7 19. Qd4+ e5 20. Qe3 Rf4 21. Rbd1 Raf8 22. Nh2 Nb6 23. f3 a5 24. Ne2 R4f7 25. Ng4 Ne6 26. Qh6+ Kh8 27. Qd2 Rd8 28. Qe3 Nf4 29. Rd2 Rdf8 30. Nxf4 Rxf4 31. Rfd1 Nc8 32. Qe1 h5 33. Nh2 g5 34. Qg3 Qg7 35. b3 Bc6 36. Rb1 Rg8 37. Bd1 Qa7+ 38. Qf2 Qf7 39. Bc2 Qh7 40. Rbd1 g4 41. hxg4 hxg4 42. g3 gxf3 43. Nxf3 Qh3 44. Qh2 Rxg3+ 45. Rg2 Rxg2+ 46. Qxg2 Rxf3 47. Qxh3+ Rxh3 48. Kg2 Rxc3 49. bxc4 Rxc2+ 50. Kg3 0-1

[Event "SLO-chT1 Central 19th"]
[Site "Slovenia"]
[Date "2018.11.08"]
[Round "8.2"]
[White "Ocepek, Marjan"]
[Black "Babic, Miroslav"]
[Result "0-1"]
[WhiteElo "1609"]
[BlackElo "1650"]
[PlyCount "88"]
[EventDate "2018.09.13"]
[EventType "team-tourn"]
[EventRounds "9"]
[EventCountry "SLO"]
[SourceTitle "EXT 2021"]
[Source "ChessBase"]
[SourceDate "2020.10.23"]
[SourceVersion "1"]
[SourceVersionDate "2020.10.23"]
[SourceQuality "1"]
[WhiteTeam "Trzin Menges II"]
[BlackTeam "Ljubljana SK"]
[WhiteTeamCountry "SLO"]
[BlackTeamCountry "SLO"]

1. e4 e6 2. d4 d5 3. e5 c5 4. c3 Nc6 5. Nf3 h6 6. a3 Bd7 7. Be2 Nge7 8. b4 cxd4 9. cxd4 Nf5 10. g4 Nh4 11. 0-0 Nxf3+ 12. Bxf3 Rc8 13. Be3 a6 14. Nd2 Na7 15. Qb3 Be7 16. Be2 Bb5 17. Bxb5+ Nxb5 18. Rac1 0-0 19. a4 Na7 20. Nf3 Qb6 21. Rb1 Rc4 22. Bd2 Rfc8 23. Qd3 Nc6 24. g5 hxg5 25. Bxg5 Nxe5 26. Nxe5 Bxg5 27. Nxc4 Rxc4 28. Rfd1 g6 29. Kg2 Bf6 30. Rbc1 Qxb4 31. Rxc4 dxc4 32. Qf3 Kg7 33. d5 exd5 34. Rxd5 c3 35. Rd7 b5 36. axb5 axb5 37. Qb7 Qc4 38. Rc7 c2 39. Qa7 c1Q 40. Rxc4 Qxc4 41. Qa6 Qg4+ 42. Kf1 b4 43. Qb5 Qd1+ 44. Kg2 b3 0-1

[Event "SLO-chT1 Central 19th"]
[Site "Slovenia"]
[Date "2018.10.04"]
[Round "4.1"]
[White "Groselj, Petra"]
[Black "Babic, Miroslav"]
[Result "0-1"]
[WhiteElo "1963"]
[BlackElo "1650"]
[PlyCount "46"]
[EventDate "2018.09.13"]
[EventType "team-tourn"]
[EventRounds "9"]
[EventCountry "SLO"]
[SourceTitle "EXT 2021"]
[Source "ChessBase"]
[SourceDate "2020.10.23"]
[SourceVersion "1"]
[SourceVersionDate "2020.10.23"]
[SourceQuality "1"]
[WhiteTeam "Domzale Tajfun"]
[BlackTeam "Ljubljana SK"]
[WhiteTeamCountry "SLO"]
[BlackTeamCountry "SLO"]

1. e4 e6 2. e5 d5 3. exd6 cxd6 4. d4 Nc6 5. Nf3 Nf6 6. Bd3 h6 7. 0-0 Be7 8. c4 d5 9. c5 0-0 10. Nc3 Bd7 11. Rb1 b6 12. b4 bxc5 13. bxc5 Na5 14. Ne5 Nc6 15. Bf4 Nxd4 16. Ba6 Bxc5 17. Bb7 Qa5 18. Bxa8 Rxa8 19. Qd3 Qxc3 20. Qa6 Rf8 21. Rb7 Bb5 22. Rxb5 Ne2+ 23. Kh1 Nxf4 0-1

[Event "SLO-chT1 Central 19th"]
[Site "Slovenia"]
[Date "2018.09.27"]
[Round "3.2"]
[White "Renko, Joze"]
[Black "Babic, Miroslav"]
[Result "1/2-1/2"]
[WhiteElo "1463"]
[BlackElo "1650"]
[PlyCount "110"]
[EventDate "2018.09.13"]
[EventType "team-tourn"]
[EventRounds "9"]
[EventCountry "SLO"]
[SourceTitle "EXT 2021"]
[Source "ChessBase"]
[SourceDate "2020.10.23"]
[SourceVersion "1"]
[SourceVersionDate "2020.10.23"]
[SourceQuality "1"]
[WhiteTeam "Medvode"]
[BlackTeam "Ljubljana SK"]
[WhiteTeamCountry "SLO"]
[BlackTeamCountry "SLO"]

1. e4 e6 2. d4 d5 3. e5 Ne7 4. Bd3 c6 5. Ne2 Nd7 6. 0-0 Qb6 7. b3 c5 8. c3 Ng6 9. a4 Qc7 10. f4 Ne7 11. Ng3 g6 12. Nd2 cxd4 13. c4 Nc5 14. Nf3 Nxd3 15. Qxd3 Nc6 16. Bd2 a5 17. Kh1 dxc4 18. Qxc4 Qd7 19. Rad1 b6 20. Rc1 Bb7 21. Ne4 Be7 22. Rfd1 Rc8 23. Qb5 Qd8 24. Be1 0-0 25. Bf2 Nb4 26. Rxc8 Bxc8 27. Rxd4 Nd5 28. Rd1 Qc7 29. h3 Qc2 30. Qd3 Qxd3 31. Rxd3 Nxf4 32. Rc3 Bb4 33. Rc7 Nd5 34. Ra7 h6 35. Nf6+ Kg7 36. Nxd5 exd5 37. Bxb6 Be6 38. Nd4 Re8 39. Bxa5 Bc5 40. Nxe6+ Rxe6 41. Rd7 d4 42. b4 Be7 43. Bd8 Bxb4 44. Bf6+ Kg8 45. Rxd4 Be7 46. Rf4 g5 47. Rf2 Bc5 48. Rc2 Bd4 49. Ra2 Kh7 50. a5 Ra6 51. g4 Kg6 52. Kg2 Bc5 53. Kf3 Bb6 54. Ke4 Rxa5 55. Rxa5 Bxa5 1/2-1/2

[Event "SLO-ch 28th"]
[Site "Ljubljana"]
[Date "2018.04.28"]
[Round "2"]
[White "Babic, Miroslav"]
[Black "Dobrovoljc, Vid"]
[Result "0-1"]
[WhiteElo "1685"]
[BlackElo "2294"]
[PlyCount "60"]
[EventDate "2018.04.27"]
[EventType "swiss"]
[EventRounds "9"]
[EventCountry "SLO"]
[SourceTitle "CBM 184 Extra"]
[Source "ChessBase"]
[SourceDate "2018.06.28"]
[SourceVersion "1"]
[SourceVersionDate "2018.06.28"]
[SourceQuality "1"]

1. e4 c5 2. d3 Nc6 3. Nf3 d6 4. Nc3 g6 5. Bd2 Bg7 6. Be2 Rb8 7. Rb1 b5 8. Qc1 b4 9. Nd5 e6 10. Ne3 Nge7 11. 0-0 0-0 12. Nc4 d5 13. exd5 exd5 14. Ne3 h6 15. Re1 g5 16. Nf1 f5 17. h4 g4 18. Bxh6 gxf3 19. Qg5 Rf7 20. Bxf3 Qd6 21. Bxg7 Rxg7 22. Qh5 Bd7 23. Ng3 Be8 24. Bxd5+ Qxd5 25. Qe2 Nd4 26. Qd1 Bc6 27. Ne4 fxe4 28. dxe4 Qf7 29. Re3 Rf8 30. Qf1 Nf3+ 0-1

[Event "Ljubljana-chT 71st 1st League"]
[Site "Ljubljana"]
[Date "2018.03.29"]
[Round "8.3"]
[White "Babic, Miroslav"]
[Black "Porenta, Matija"]
[Result "0-1"]
[WhiteElo "1681"]
[BlackElo "1679"]
[PlyCount "132"]
[EventDate "2018.01.11"]
[EventType "team-tourn"]
[EventRounds "9"]
[EventCountry "SLO"]
[SourceTitle "EXT 2024"]
[Source "ChessBase"]
[SourceDate "2023.10.10"]
[SourceVersion "1"]
[SourceVersionDate "2023.10.10"]
[SourceQuality "1"]
[WhiteTeam "Klinicni Center"]
[BlackTeam "Medvode Vittori Swimmear"]
[WhiteTeamCountry "SLO"]
[BlackTeamCountry "SLO"]

1. e4 c5 2. Nf3 d6 3. d3 Nc6 4. Nc3 Nf6 5. h3 e6 6. Bg5 Be7 7. Be2 b6 8. 0-0 Bb7 9. Nh2 Nd4 10. Nf3 Nxe2+ 11. Qxe2 0-0 12. Rad1 a6 13. Bf4 e5 14. Bh2 Ne8 15. Nd5 Bxd5 16. exd5 f5 17. c4 g6 18. Rfe1 Bg5 19. Bxe5 dxe5 20. Qxe5 Bf6 21. Qe6+ Kg7 22. b3 Qd6 23. d4 cxd4 24. Nxd4 Bxd4 25. Rxd4 Rd8 26. a3 Nf6 27. Qxd6 Rxd6 28. f3 Re8 29. Rxe8 Nxe8 30. Kf2 Nf6 31. g4 fxg4 32. hxg4 g5 33. Ke3 Nd7 34. Re4 Kf7 35. Kd4 a5 36. b4 axb4 37. axb4 Rf6 38. c5 bxc5+ 39. bxc5 Rxf3 40. c6 Nb6 41. Re5 h6 42. d6 Rf4+ 43. Kc5 Na4+ 44. Kb5 Nc3+ 45. Ka6 Ra4+ 46. Kb7 Rb4+ 47. Kc8 Na4 48. Re7+ Kf8 49. Rb7 Rd4 50. Kc7 Nc5 51. Rb8+ Kf7 52. Rb6 Ne6+ 53. Kc8 Rxg4 54. c7 Rc4 55. Kb8 Nxc7 56. dxc7 h5 57. Rb5 Kf6 58. Kb7 h4 59. Kb6 Rxc7 60. Kxc7 h3 61. Kd6 h2 62. Rb1 g4 63. Kd5 g3 64. Ke4 g2 65. Rb6+ Kg5 66. Rb5+ Kg4 0-1

[Event "SLO-chT3 West"]
[Site "Komenda"]
[Date "2017.12.10"]
[Round "4.4"]
[White "Babic, Miroslav"]
[Black "More, Erlend"]
[Result "1-0"]
[WhiteElo "1671"]
[BlackElo "1611"]
[PlyCount "46"]
[EventDate "2017.12.08"]
[EventType "team-swiss"]
[EventRounds "5"]
[EventCountry "SLO"]
[SourceTitle "EXT 2019"]
[Source "ChessBase"]
[SourceDate "2018.10.10"]
[SourceVersion "1"]
[SourceVersionDate "2018.10.10"]
[SourceQuality "1"]
[WhiteTeam "Ljubljana Duol III"]
[BlackTeam "Komenda Popotnik"]
[WhiteTeamCountry "SLO"]
[BlackTeamCountry "SLO"]

1. e4 Nf6 2. e5 Nd5 3. d4 d6 4. Bc4 Nb6 5. Qe2 Nxc4 6. Qxc4 dxe5 7. dxe5 b6 8. Nc3 e6 9. Bd2 c5 10. Qe4 Qc7 11. Qxa8 Bb7 12. Qxa7 Qxe5+ 13. Nge2 Qc7 14. Nb5 Qc8 15. Qxb6 Be7 16. Qc7 Kf8 17. 0-0-0 Nd7 18. Qa5 Ne5 19. Bf4 Nc6 20. Qb6 e5 21. Be3 Nd4 22. Nexd4 cxd4 23. Bd2 d3 1-0

[Event "Ljubljana-chT 69th 1st League"]
[Site "Ljubljana"]
[Date "2016.03.10"]
[Round "6.3"]
[White "Hribar, Viktor"]
[Black "Babic, Miroslav"]
[Result "1-0"]
[WhiteElo "1857"]
[BlackElo "1709"]
[PlyCount "56"]
[EventDate "2016.01.14"]
[EventType "team-tourn"]
[EventRounds "9"]
[EventCountry "SLO"]
[SourceTitle "EXT 2022"]
[Source "ChessBase"]
[SourceDate "2021.10.06"]
[SourceVersion "1"]
[SourceVersionDate "2021.10.06"]
[SourceQuality "1"]
[WhiteTeam "Bor Dob"]
[BlackTeam "Zagorje ob Savi"]
[WhiteTeamCountry "SLO"]
[BlackTeamCountry "SLO"]

1. d4 e6 2. Nf3 d5 3. g3 Nf6 4. Bg2 c5 5. 0-0 Nc6 6. b3 Bd6 7. dxc5 Bxc5 8. Bb2 a5 9. Nc3 0-0 10. e3 Bd7 11. Na4 Be7 12. h3 Rc8 13. Rc1 b5 14. Nc3 Qb6 15. a4 Na7 16. axb5 Nxb5 17. Na4 Qc7 18. Ne5 Be8 19. c4 dxc4 20. Nxc4 Rd8 21. Qf3 Qb8 22. Nxa5 Nd6 23. Nc5 Qb5 24. Nc6 Bxc6 25. Qxc6 Qxc6 26. Bxc6 Nf5 27. b4 Nd7 28. Nb3 Nd6 1-0

[Event "Ljubljana-chT 69th 1st League"]
[Site "Ljubljana"]
[Date "2016.01.21"]
[Round "2.3"]
[White "Babic, Miroslav"]
[Black "Ivesic, Perica"]
[Result "1-0"]
[WhiteElo "1709"]
[BlackElo "1596"]
[PlyCount "115"]
[EventDate "2016.01.14"]
[EventType "team-tourn"]
[EventRounds "9"]
[EventCountry "SLO"]
[SourceTitle "EXT 2022"]
[Source "ChessBase"]
[SourceDate "2021.10.06"]
[SourceVersion "1"]
[SourceVersionDate "2021.10.06"]
[SourceQuality "1"]
[WhiteTeam "Zagorje ob Savi"]
[BlackTeam "Zelenci LPP"]
[WhiteTeamCountry "SLO"]
[BlackTeamCountry "SLO"]

1. e4 e5 2. Nf3 Nc6 3. d3 Bc5 4. Nc3 d6 5. Be2 h6 6. 0-0 a6 7. h3 Nf6 8. Nh2 Be6 9. a3 Nd4 10. Be3 Qe7 11. b4 Ba7 12. Na4 b5 13. Nb2 c5 14. Qd2 Rc8 15. Bxd4 cxd4 16. a4 0-0 17. axb5 axb5 18. Ra5 Qb7 19. Rfa1 Ra8 20. c4 dxc3 21. Qxc3 Qb6 22. Qe1 Qd4 23. Nd1 Bd7 24. Ra6 Rfc8 25. Nf3 Qxa1 26. Rxa1 Bb6 27. Rxa8 Rxa8 28. Ne3 Ra2 29. Nd5 Nxd5 30. exd5 g5 31. Nd2 Bd4 32. Ne4 Ra1 33. Qxa1 Bxa1 34. Nf6+ Kf8 35. Nxd7+ Ke7 36. Nb8 f5 37. f3 Bd4+ 38. Kf1 Be3 39. Bd1 f4 40. Ke2 Kd8 41. Bb3 Kc7 42. Nc6 Kd7 43. g4 Bg1 44. Kd2 Bf2 45. Bd1 Be3+ 46. Kc3 Bg1 47. Na5 Ke7 48. Nb3 Bf2 49. Nd2 Be1 50. Kc2 Kd7 51. Ne4 Ke7 52. Kb3 Bh4 53. Nc3 Bf2 54. Nxb5 Kd7 55. Kc4 Bb6 56. Nc3 Bd4 57. Ba4+ Kc7 58. Nb5+ 1-0